Bogowie egipscy i mezopotamscy - Statystyki

Ogólne statystyki
  • Ten quiz został rozwiązany 99 razy
  • Średni wynik to 6 z 27
Statystyki odpowiedzi
Podpowiedź Bóg % Poprawnych
egipski pan wszechświata, nieba, bóg Re
71%
mezopotamski bóg nieba, ojciec wszystkich bogów; Uruk Anu
64%
egipski bóg decydujący o życiu i wegetacji Ozyrys
64%
egipski bóg zmarłych, czuwający na mumifikacją Anubis
62%
egipski bóg burzy i pystyni Set
45%
egipski bóg nieba Horus
42%
egipska bogini miłości i nieba, opiekunka władzy królewskiej, magii i czarów Izyda
40%
egipski bóg pisma, mądrości i nauki Tot
24%
mezopotamski bóg Babilonu Marduk
20%
egipski bóg - byk Apis
18%
egipski bogini zabawy i muzyki Bastet
18%
mezopotamski bóg powietrza i wiatrów, dzierżył władzę nad bogami i ludźmi; Nippur Enlil
15%
mezopotamska bogini miłości, wojny, prostytucji; zwana Babilonką lub Asyryjką Isztar
15%
egipski stwórca świata, patron rzemiosł i sztuki Ptah
15%
egipska bogini miłości Hathor
11%
mezopotamski narodowy bóg Asyrii Aszur
7%
mezopotamski bóg księżyca Sin
7%
mezopotamski bóg burzy i deszczu; Mari Adad
4%
egipski bóg zachodzącego słońca Atum
4%
mezopotamski "pan ziemi", bóg mądrości przychylny ludziom Eridu
4%
mezopotamski bóg sztuki pisarskiej i nauki; Borsippa Nabu
4%
egipska bogini wojny, władczyni morza Neit
4%
mezopotamski bóg słońca, sędziów i sprawiedliwości Szamasz
4%
egipski bóg księżyca Chonsu
2%
mezopatamska pradawna boska rodzicielka Nintu
2%
mezopotamski bóg wojny; Umma, Lagasz, Kisz Ninurta
2%
mezopotamski bóg pasterz Tammuz
2%
Nie znaleziono quizów pasujących do podanych kryteriów
Rozkład punktacji
Procent ludzi z każdym wynikiem
Percentyl według liczby udzielonych odpowiedzi
Twoja historia wyników
Nie rozwiązałeś tego quizu